KOHA-Header-6

Campbell Essential Biology with Physiology (Record no. 13238)

000 -LEADER
fixed length control field 00346nam a22001337a 4500
020 ## - INTERNATIONAL STANDARD BOOK NUMBER
ISBN 9781292102368
082 ## - DEWEY DECIMAL CLASSIFICATION NUMBER
Classification number 570
100 ## - MAIN ENTRY--AUTHOR NAME
Personal name Eric J.Simon, Jean L. Dickey, Kelly A.Hogan & Jane B.Reece
245 ## - TITLE STATEMENT
Title Campbell Essential Biology with Physiology
250 ## - EDITION STATEMENT
Edition statement 5th Edition
260 ## - PUBLICATION, DISTRIBUTION, ETC. (IMPRINT)
Place of publication UK
Name of publisher Pearson
Year of publication 2016
300 ## - PHYSICAL DESCRIPTION
Number of Pages 750 pages
942 ## - ADDED ENTRY ELEMENTS (KOHA)
Koha item type Books
Holdings
Withdrawn status Lost status Collection code Permanent Location Current Location Shelving location Date acquired Full call number Accession Number Koha item type
    Bio Sciences MAJU MAJU Shelf No.A37 2022-02-26 570 10301 Bio Science

Powered by Koha